000 01035nam0a22002651 4500
001 rc\1009287
005 20041129102142.4
035 _a(NLR Aleph) 006174959
090 _a6004594
_c6004594
100 _a20041129d1981 u |0rusy50 ca
101 0 _arus
102 _aRU
105 _ay |||||||||
200 1 _aРеализация модифицированного библиотечного метода доступа в ОС ЕС ЭВМ
210 _aДимитровград
_cНИИАР
_d1981
215 _a[1], 10 с.
_d20
225 1 _aПрепринт
_fНИИ атом. реакторов им. В.И. Ленина
_vНИИАР-38/491
_iВычислительная математика и программирование
320 _aБиблиогр.: с. 10
700 1 _aЗанова
_bР. Г.
_gРоза Гадлеевна
701 1 _aИванов
_bВ. М.
_gВладимир Михайлович
801 0 _aRU
_bNLR
_gpsbo
801 1 _aRU
_bELAR
_2rusmarc
852 _aNLR
_j82-4/1313
942 _cBOOK
980 _aNB